Understanding dampness (Record no. 103468)
[ view plain ]
| 000 -LEADER | |
|---|---|
| fixed length control field | 01293cam a2200301 4500 |
| 008 - FIXED-LENGTH DATA ELEMENTS--GENERAL INFORMATION | |
| fixed length control field | 040406n2004 000 0 eng u |
| 020 ## - INTERNATIONAL STANDARD BOOK NUMBER | |
| International Standard Book Number | 186081686X |
| 035 ## - SYSTEM CONTROL NUMBER | |
| System control number | (Sirsi) u125766 |
| 041 ## - LANGUAGE CODE | |
| Language code of text/sound track or separate title | eng |
| 050 ## - LIBRARY OF CONGRESS CALL NUMBER | |
| Classification number | 690.25 |
| -- | 18 |
| 100 ## - MAIN ENTRY--PERSONAL NAME | |
| Personal name | Trotman, Peter |
| 245 ## - TITLE STATEMENT | |
| Title | Understanding dampness |
| Remainder of title | effects, causes, diagnosis and remedies |
| 260 ## - PUBLICATION, DISTRIBUTION, ETC. | |
| Place of publication, distribution, etc. | Watford |
| Name of publisher, distributor, etc. | BRE |
| Date of publication, distribution, etc. | 2004 |
| 300 ## - PHYSICAL DESCRIPTION | |
| Extent | viii, 216p. |
| Other physical details | ill. |
| Dimensions | 30cm. |
| 350 ## - PRICE (NR) (BK AM CF MU VM SE) [OBSOLETE] | |
| Price | 39.95 |
| 490 ## - SERIES STATEMENT | |
| Series statement | BRE BR |
| Volume/sequential designation | 466 |
| 520 ## - SUMMARY, ETC. | |
| Summary, etc. | Aimed at surveyors, architects, builders and facilities managers, this book lists the causes of dampness in buildings, examines the effects of dampness on the building fabric, explains how to diagnose dampness and provides suitable remedies. With the emphasis on existing buildings, this book covers: types of dampness; visible and hidden effects of dampness; measuring moisture; condensation; rain penetration; rising damp; and groundwater movement. Includes case studies, references and further reading. |
| 650 ## - SUBJECT ADDED ENTRY--TOPICAL TERM | |
| Topical term or geographic name entry element | RISING DAMP |
| 650 ## - SUBJECT ADDED ENTRY--TOPICAL TERM | |
| Topical term or geographic name entry element | GROUNDWATER CONTROL |
| 650 ## - SUBJECT ADDED ENTRY--TOPICAL TERM | |
| Topical term or geographic name entry element | DAMPNESS |
| 650 ## - SUBJECT ADDED ENTRY--TOPICAL TERM | |
| Topical term or geographic name entry element | CONDENSATION |
| 650 ## - SUBJECT ADDED ENTRY--TOPICAL TERM | |
| Topical term or geographic name entry element | MOISTURE CONTROL |
| 650 ## - SUBJECT ADDED ENTRY--TOPICAL TERM | |
| Topical term or geographic name entry element | RAIN PENETRATION |
| 690 ## - LOCAL SUBJECT ADDED ENTRY--TOPICAL TERM (OCLC, RLIN) | |
| Topical term or geographic name as entry element | BUILT ENVIRONMENT-BUILDING PATHOLOGY |
| 700 ## - ADDED ENTRY--PERSONAL NAME | |
| Personal name | Sanders, Chris |
| 700 ## - ADDED ENTRY--PERSONAL NAME | |
| Personal name | Harrison, Harry |
| 942 ## - ADDED ENTRY ELEMENTS (KOHA) | |
| Suppress in OPAC | 0 |
| Withdrawn status | Lost status | Source of classification or shelving scheme | Damaged status | Not for loan | Home library | Current library | Shelving location | Date acquired | Cost, normal purchase price | Total Checkouts | Full call number | Barcode | Date last seen | Date last checked out | Copy number | Cost, replacement price | Price effective from | Koha item type |
|---|---|---|---|---|---|---|---|---|---|---|---|---|---|---|---|---|---|---|
| Dewey Decimal Classification | London | London | Folio | 09/07/2004 | 19.97 | 38 | F690.25 TRO | 30069344 | 06/08/2019 | 04/11/2009 | 1 | 19.97 | 06/08/2019 | Book |